|
|
|
|
| LEADER |
01004nam a2200253 a 4500 |
| 001 |
4330053 |
| 008 |
100426r20031989enka b 001 0 eng d |
| 010 |
|
|
|a 88031883
|
| 020 |
|
|
|a 0521370140
|
| 020 |
|
|
|a 0521379156 (pbk.)
|
| 040 |
|
|
|a DLC
|c DLC
|d DLC
|d DB-DhAAL
|
| 082 |
0 |
0 |
|a 418/.007
|2 19
|
| 100 |
1 |
|
|a Nunan, David.
|
| 245 |
1 |
0 |
|a Designing tasks for the communicative classroom /
|c David Nunan.
|
| 260 |
|
|
|a Cambridge [England] ;
|a New York :
|b Cambridge University Press,
|c 1989.[printing 2003]
|
| 300 |
|
|
|a x, 211 p. :
|b ill. ;
|c 24 cm.
|
| 490 |
0 |
|
|a Cambridge language teaching library
|
| 504 |
|
|
|a Includes bibliographies and indexes.
|
| 541 |
1 |
|
|e 00014508
|
| 650 |
|
0 |
|a Language and languages
|x Study and teaching.
|
| 650 |
|
0 |
|a Communicative competence.
|
| 852 |
4 |
|
|a Ayesha Abed Library
|j General Shelf.
|
| 999 |
|
|
|c 8252
|d 8252
|
| 952 |
|
|
|0 0
|1 0
|2 ddc
|4 0
|6 418_007000000000000_NUN_2003
|7 0
|9 9461
|a BRACUL
|b BRACUL
|c GEN
|d 2010-04-27
|l 12
|m 42
|o 418.007 NUN
|p 3010014508
|r 2018-09-12
|s 2018-06-28
|t 1
|w 2010-04-27
|y BK
|